000
00294nam a2200121Ia 4500
008
220204s9999 xx 000 0 und d
082
_a
630*81
_b
STE
100
_a
Stenzel, G
245
0
_a
Logging and pulpwood production
250
_a
Ed.2
260
_a
New york
_b
John wiley
_c
1985
942
_c
BK
999
_c
40070
_d
40070